000 01167mam a2200349 a 4500
001 12607
003 BD-RjUL
005 20211208235326.0
008 140129r20042002ii a b 001 0 eng d
020 _a8181281136
035 _a(OCoLC)ocm48170937
035 _a(BD-RjUL)12656
040 _aDLC
_cDLC
_dC#P
_dNNC-M
_dOrLoB-B
_dBD-RjUL
_beng
041 _aeng
082 0 0 _a576.50151
_221
_bLAM 2004
100 1 _aLange, Kenneth.
_939268
245 1 0 _aMathematical and statistical methods for genetic analysis /
_cby Kenneth Lange.
250 _a2nd ed.
260 _aNew Delhi :
_bRajkamal Electric Press,
_cc2002 [reprinted 2004].
300 _axvii, 367 p. :
_bill. ;
_c23 cm.
490 1 _aStatistics for biology and health
504 _aIncludes bibliographical references and index.
650 0 _aGenetics
_xMathematical models.
_937660
650 0 _aGenetics
_xStatistical methods.
_939269
650 1 2 _aGenetic Techniques.
_939270
650 2 2 _aModels, Genetic.
_939271
650 2 2 _aModels, Statistical.
_939272
830 0 _aStatistics for biology and health.
_939273
942 _2ddc
_cBK
999 _c12607
_d12607